00477 2200181 4500001002100000005001500021035002000036245003700056100001300093250001700106300003200123260003900155082001000194084001600204020002200220650002400242500002900266INLIS00000000000101420250420035341 a0010-04250000091 aTaman dan Hutan Kota /cAbdillah0 aAbdillah aCetakan ke-1 aiv, 75 hlm :bIlus ;c21 cm aJakarta :bAzka Mulia Media,c2006 a363.7 a363.7 ABD t a978-979-121-118-3 4aSanitasi lingkungan aSeri sanitasi lingkungan